[Event "GER-chT Lands U20"]
[Site "Tuebingen"]
[Date "2024.10.03"]
[Round "1"]
[White "Ratushnyi, Viktor"]
[Black "Yin, Vito"]
[Result "0-1"]
[WhiteElo "1959"]
[BlackElo "1859"]
[PlyCount "154"]
[EventDate "2024.10.03"]
[EventType "team-swiss"]
[EventRounds "7"]
[EventCountry "GER"]
[SourceTitle "CB47_2024"]
[SourceDate "2024.11.20"]
[SourceVersion "1"]
[SourceVersionDate "2024.11.20"]
[SourceQuality "1"]

1. e4 c5 2. Nf3 d6 3. d4 cxd4 4. Qxd4 Nc6 5. Bb5 Bd7 6. Bxc6 Bxc6 7. Nc3 Nf6 8. Bg5 h6 9. Bxf6 gxf6 10. 0-0-0 Rg8 11. g3 Bg7 12. Qd3 Qb6 13. Nd4 Rc8 14. Nf5 Qxf2 15. Nd5 Bxd5 16. exd5 Qc5 17. Rhe1 Bf8 18. Re2 Kd7 19. Rde1 Re8 20. Qb3 b5 21. Re4 Rg5 22. g4 h5 23. h3 a5 24. a4 b4 25. Qd3 e6 26. Ne3 Bh6 27. Kb1 hxg4 28. Rc4 Qb6 29. hxg4 Re5 30. Rc6 Qb7 31. Rc4 exd5 32. g5 Bxg5 33. Nxd5 Rxe1+ 34. Ka2 R1e5 35. Rc7+ Qxc7 36. Nxc7 Kxc7 37. Qc4+ Kd7 38. Qxf7+ R8e7 39. Qc4 Be3 40. Qa6 f5 41. Qb7+ Ke8 42. Qc6+ Kf7 43. Qxd6 f4 44. Qc6 Rc5 45. Qf3 Ree5 46. Qh3 Rf5 47. Qh7+ Kf6 48. Qh6+ Ke5 49. Qh8+ Ke4 50. Qh1+ Kd4 51. Qh8+ Rfe5 52. Qd8+ Rcd5 53. Qh4 Bd2 54. Qf2+ Ke4 55. Qe2+ Be3 56. Qg2+ f3 57. Qg6+ Rf5 58. Qe6+ Kf4 59. Qh6+ Rg5 60. Qh4+ Kf5 61. Qh3+ Ke4 62. Qh7+ Kf4 63. Qh4+ Rg4 64. Qh6+ Rdg5 65. Qd6+ Re5 66. Qf6+ Rf5 67. Qh6+ Kg3 68. Qxe3 Kg2 69. Qe6 Rff4 70. Qd5 Re4 71. c4 bxc3 72. bxc3 f2 73. Qd2 Kg1 74. c4 f1Q 75. Kb2 Re2 76. Qxe2 Qxe2+ 77. Ka3 Rg3# 0-1

[Event "Bamberg op 6th"]
[Site "Bamberg"]
[Date "2024.09.07"]
[Round "5"]
[White "Glasschroeder, Maximilian"]
[Black "Ratushnyi, Viktor"]
[Result "0-1"]
[WhiteElo "1830"]
[BlackElo "1959"]
[PlyCount "34"]
[EventDate "2024.09.04"]
[EventType "swiss"]
[EventRounds "7"]
[EventCountry "GER"]
[SourceTitle "EXT 2025"]
[Source "ChessBase"]
[SourceDate "2024.10.14"]
[SourceVersion "1"]
[SourceVersionDate "2024.10.14"]
[SourceQuality "1"]

1. e4 e5 2. Nf3 Nc6 3. d4 exd4 4. Nxd4 Bc5 5. Nb3 Bb6 6. Nc3 Nf6 7. Qe2 0-0 8. Bg5 h6 9. Bh4 Nd4 10. Qd3 Nxb3 11. axb3 Re8 12. 0-0-0 Ba5 13. f3 c6 14. g4 Bxc3 15. bxc3 d5 16. Qe2 Qd6 17. Kb2 Qf4 0-1

[Event "GER-ch U25 op-A"]
[Site "Willingen"]
[Date "2024.05.24"]
[Round "8"]
[White "Groeschel, Karoline"]
[Black "Ratushnyi, Viktor"]
[Result "0-1"]
[WhiteElo "1952"]
[BlackElo "1880"]
[PlyCount "114"]
[EventDate "2024.05.19"]
[EventType "swiss"]
[EventRounds "9"]
[EventCountry "GER"]
[SourceTitle "EXT 2025"]
[Source "ChessBase"]
[SourceDate "2024.10.14"]
[SourceVersion "1"]
[SourceVersionDate "2024.10.14"]
[SourceQuality "1"]

1. e4 e5 2. Nf3 Nc6 3. Bb5 a6 4. Ba4 Nf6 5. 0-0 Be7 6. Re1 b5 7. Bb3 d6 8. c3 Bg4 9. h3 Bh5 10. d3 Na5 11. Bc2 c5 12. Nbd2 0-0 13. g4 Bg6 14. Nf1 Nc6 15. Qe2 h5 16. Nh4 hxg4 17. Nxg6 fxg6 18. Bb3+ Kh8 19. hxg4 Nh7 20. Kg2 Bh4 21. Ng3 g5 22. Rh1 g6 23. Be3 Qe7 24. Rh3 Ra7 25. Rah1 Nd8 26. Qd2 Qf6 27. Nf1 Ne6 28. f3 Nf4+ 29. Bxf4 exf4 30. d4 cxd4 31. Qxd4 Qxd4 32. cxd4 Rc7 33. Nd2 Nf6 34. Rd1 Nd7 35. Rhh1 Kg7 36. Kf1 Kf6 37. Ke2 Rfc8 38. a3 Nb6 39. Nb1 Nc4 40. Bxc4 Rxc4 41. Nc3 Kg7 42. Rd2 Bg3 43. Kd3 b4 44. Nd5 bxa3 45. bxa3 Ra4 46. Ra1 Rcc4 47. Rb2 Rxd4+ 48. Ke2 Rac4 49. Rb7+ Kf8 50. Rb8+ Kf7 51. Rb7+ Ke8 52. Rab1 Rc2+ 53. Kf1 Rdc4 54. Re7+ Kd8 55. Rb8+ Rc8 56. Rbb7 Rf2+ 57. Kg1 Rc1# 0-1

[Event "GER-ch U25 op-A"]
[Site "Willingen"]
[Date "2024.05.22"]
[Round "6"]
[White "Nguyen, Phuc Nhat"]
[Black "Ratushnyi, Viktor"]
[Result "1/2-1/2"]
[WhiteElo "1893"]
[BlackElo "1880"]
[PlyCount "42"]
[EventDate "2024.05.19"]
[EventType "swiss"]
[EventRounds "9"]
[EventCountry "GER"]
[SourceTitle "EXT 2025"]
[Source "ChessBase"]
[SourceDate "2024.10.14"]
[SourceVersion "1"]
[SourceVersionDate "2024.10.14"]
[SourceQuality "1"]

1. e4 e5 2. Nf3 Nc6 3. Bc4 Be7 4. d3 Nf6 5. 0-0 0-0 6. Nc3 d6 7. a3 Bg4 8. h3 Bh5 9. g4 Bg6 10. Nh2 Nd7 11. f4 exf4 12. Bxf4 Bg5 13. Qd2 Bxf4 14. Qxf4 Nde5 15. Ba2 h6 16. Nf3 Nxf3+ 17. Rxf3 Qg5 18. Qxg5 hxg5 19. Raf1 Nd4 20. R3f2 c6 21. Ne2 Ne6 1/2-1/2

[Event "GER-ch U25 op-A"]
[Site "Willingen"]
[Date "2024.05.19"]
[Round "2"]
[White "Wuebker, Paul Luca"]
[Black "Ratushnyi, Viktor"]
[Result "1-0"]
[WhiteElo "2267"]
[BlackElo "1880"]
[PlyCount "95"]
[EventDate "2024.05.19"]
[EventType "swiss"]
[EventRounds "9"]
[EventCountry "GER"]
[SourceTitle "EXT 2025"]
[Source "ChessBase"]
[SourceDate "2024.10.14"]
[SourceVersion "1"]
[SourceVersionDate "2024.10.14"]
[SourceQuality "1"]

1. d4 Nf6 2. c4 g6 3. Nc3 Bg7 4. e4 d6 5. Nf3 0-0 6. Be2 e5 7. 0-0 exd4 8. Nxd4 Nc6 9. Nxc6 bxc6 10. Qa4 Bd7 11. c5 Qe7 12. Bf3 d5 13. exd5 cxd5 14. c6 Be6 15. Re1 Rfd8 16. Bf4 a6 17. Rad1 Rab8 18. Bxd5 Rb4 19. Qa3 Nxd5 20. Nxd5 Rxd5 21. Rxd5 Bxb2 22. Qe3 Bf6 23. Rdd1 h5 24. Be5 Bg5 25. Qa7 Kh7 26. Qxa6 Bh6 27. Qa7 Rc4 28. a4 Rxc6 29. Qa8 f6 30. Bxf6 Qxf6 31. Qxc6 Bg7 32. Qxe6 Qc3 33. Qe4 c5 34. Rd6 Bf6 35. Rxf6 Qxf6 36. Qe7+ Qxe7 37. Rxe7+ Kh6 38. a5 c4 39. Rc7 c3 40. a6 c2 41. a7 c1R+ 42. Rxc1 h4 43. a8Q h3 44. Qh8+ Kg5 45. Qe5+ Kh6 46. Rc8 g5 47. Rg8 Kh7 48. Qh8# 1-0

[Event "Malakhatko Memorial op"]
[Site "Chess.com INT"]
[Date "2023.06.14"]
[Round "7"]
[White "Pilchuk, Artem"]
[Black "Ratushnyi, Viktor"]
[Result "1-0"]
[WhiteElo "1629"]
[BlackElo "1627"]
[PlyCount "65"]
[EventDate "2023.06.14"]
[EventType "swiss (blitz)"]
[EventRounds "11"]
[EventCountry "USA"]
[SourceTitle "CBM 214 Extra"]
[Source "ChessBase"]
[SourceDate "2023.07.31"]
[SourceVersion "1"]
[SourceVersionDate "2023.07.31"]
[SourceQuality "1"]

1. e4 e5 2. Nf3 Nc6 3. Bb5 a6 4. Bxc6 dxc6 5. 0-0 Bg4 6. h3 h5 7. d3 Qf6 8. Nbd2 Ne7 9. Nc4 Bxf3 10. Qxf3 Qxf3 11. gxf3 f6 12. f4 exf4 13. Bxf4 0-0-0 14. Kg2 g5 15. Bd2 Ng6 16. f4 Rg8 17. fxg5 fxg5 18. Kh1 g4 19. hxg4 hxg4 20. Rf7 b5 21. Na5 Bd6 22. Nxc6 Rh8+ 23. Kg1 Rdg8 24. Bc3 Rh3 25. e5 Rgh8 26. exd6 cxd6 27. Bxh8 Nh4 28. Raf1 Rg3+ 29. Kf2 Rg2+ 30. Ke3 Rxc2 31. Rg7 Ng2+ 32. Kd4 Rxc6 33. Rf8# 1-0

[Event "GER-ch U12"]
[Site "Willingen"]
[Date "2023.06.03"]
[Round "9"]
[White "Gloeckler, Christian"]
[Black "Ratushnyi, Viktor"]
[Result "1-0"]
[WhiteElo "2288"]
[BlackElo "1627"]
[PlyCount "123"]
[EventDate "2023.05.27"]
[EventType "swiss"]
[EventRounds "9"]
[EventCountry "GER"]
[SourceTitle "CBM 214 Extra"]
[Source "ChessBase"]
[SourceDate "2023.07.31"]
[SourceVersion "1"]
[SourceVersionDate "2023.07.31"]
[SourceQuality "1"]

1. d4 Nf6 2. c4 g6 3. Nc3 Bg7 4. e4 d6 5. h3 0-0 6. Be3 Nc6 7. Nge2 e5 8. d5 Nd4 9. f3 Nxe2 10. Nxe2 Nh5 11. Qd2 f5 12. exf5 gxf5 13. g4 Nf4 14. Nxf4 exf4 15. Bf2 Re8+ 16. Kd1 Qf6 17. Rb1 c6 18. g5 Qf7 19. h4 cxd5 20. cxd5 Bd7 21. Bc4 b5 22. Bb3 a5 23. a3 Re5 24. Re1 Qe7 25. Rc1 a4 26. Ba2 Rc8 27. Rxc8+ Bxc8 28. Rg1 Bd7 29. h5 Be8 30. g6 h6 31. Bd4 Re3 32. Bxe3 fxe3 33. Qd3 Bxb2 34. f4 e2+ 35. Kd2 Qe4 36. Qxe4 fxe4 37. Re1 Bd7 38. Rxe2 Bf5 39. Bb1 e3+ 40. Kxe3 Bc1+ 41. Kf2 Bxb1 42. Re1 Bxa3 43. Rxb1 b4 44. Ra1 b3 45. Ke2 Bc5 46. Rxa4 b2 47. Ra8+ Kg7 48. Rb8 Bd4 49. Rb7+ Kg8 50. Kd3 Bf6 51. Ke4 Bc3 52. Kf5 Bd4 53. Ke6 Bg7 54. Rb8+ Bf8 55. Rxb2 Kg7 56. f5 Kg8 57. f6 Bg7 58. Rb8+ Bf8 59. g7 Kh7 60. gxf8N+ Kg8 61. Ng6+ Kh7 62. Rh8# 1-0

[Event "GER-ch U12"]
[Site "Willingen"]
[Date "2023.05.31"]
[Round "5"]
[White "Ratushnyi, Viktor"]
[Black "Nezhyvenko, Mykhaylo"]
[Result "1/2-1/2"]
[WhiteElo "1627"]
[BlackElo "1787"]
[PlyCount "51"]
[EventDate "2023.05.27"]
[EventType "swiss"]
[EventRounds "9"]
[EventCountry "GER"]
[SourceTitle "CBM 214 Extra"]
[Source "ChessBase"]
[SourceDate "2023.07.31"]
[SourceVersion "1"]
[SourceVersionDate "2023.07.31"]
[SourceQuality "1"]

1. e4 c6 2. Nf3 d5 3. exd5 cxd5 4. Ne5 Nf6 5. d4 Nc6 6. Bb5 Bd7 7. Bxc6 bxc6 8. 0-0 e6 9. Bg5 h6 10. Bxf6 gxf6 11. Nd3 Bd6 12. Nd2 e5 13. dxe5 fxe5 14. Nxe5 Bxe5 15. Re1 f6 16. f4 Qb6+ 17. Kh1 0-0-0 18. fxe5 fxe5 19. Rxe5 Qxb2 20. Re3 Kc7 21. Rb1 Qd4 22. Qe1 Rhf8 23. Nf3 Qf4 24. Rb4 Qd6 25. Reb3 Rb8 26. Rxb8 1/2-1/2

[Event "GER-ch U12"]
[Site "Willingen"]
[Date "2023.05.30"]
[Round "4"]
[White "Ratushnyi, Viktor"]
[Black "Polzin, Gustav"]
[Result "1-0"]
[WhiteElo "1627"]
[BlackElo "2018"]
[PlyCount "89"]
[EventDate "2023.05.27"]
[EventType "swiss"]
[EventRounds "9"]
[EventCountry "GER"]
[SourceTitle "CBM 214 Extra"]
[Source "ChessBase"]
[SourceDate "2023.07.31"]
[SourceVersion "1"]
[SourceVersionDate "2023.07.31"]
[SourceQuality "1"]

1. e4 c6 2. d4 d5 3. exd5 cxd5 4. c4 Nc6 5. cxd5 Qxd5 6. Nf3 Bg4 7. Nc3 Bxf3 8. Nxd5 Bxd1 9. Nc7+ Kd7 10. Nxa8 Bg4 11. Bb5 Nf6 12. f3 Be6 13. Bf4 Nh5 14. Be5 f6 15. 0-0-0 fxe5 16. d5 Bxd5 17. Rxd5+ Kc8 18. Rhd1 Nf6 19. Bxc6 Nxd5 20. Bxd5 b6 21. Be6+ Kb7 22. Rd8 g6 23. Kc2 Bg7 24. Bd5+ Ka6 25. Rxh8 Bxh8 26. Nc7+ Ka5 27. a3 b5 28. Be4 Bf6 29. Ne6 Kb6 30. b3 a5 31. a4 b4 32. Kd3 Ka7 33. Kc4 Kb6 34. Nf8 h5 35. Nd7+ Kc7 36. Nxf6 exf6 37. Bxg6 h4 38. g3 hxg3 39. hxg3 Kd6 40. g4 Kc6 41. Be4+ Kd6 42. Kb5 Kc7 43. Kxa5 Kb8 44. Kb6 Kc8 45. a5 1-0

[Event "GER-ch U12"]
[Site "Willingen"]
[Date "2023.05.28"]
[Round "1"]
[White "Wang, Kaiwen"]
[Black "Ratushnyi, Viktor"]
[Result "0-1"]
[WhiteElo "1333"]
[BlackElo "1627"]
[PlyCount "130"]
[EventDate "2023.05.27"]
[EventType "swiss"]
[EventRounds "9"]
[EventCountry "GER"]
[SourceTitle "CBM 214 Extra"]
[Source "ChessBase"]
[SourceDate "2023.07.31"]
[SourceVersion "1"]
[SourceVersionDate "2023.07.31"]
[SourceQuality "1"]

1. e4 e5 2. Nf3 Nc6 3. Nc3 Nf6 4. d4 exd4 5. Nxd4 Bc5 6. Be3 Bb6 7. Qd2 0-0 8. 0-0-0 Re8 9. f3 d5 10. Nxc6 bxc6 11. Bxb6 axb6 12. a3 Bb7 13. Qf2 Qe7 14. Bd3 dxe4 15. Nxe4 Qe5 16. Qh4 Nxe4 17. Qxe4 Qg5+ 18. f4 Rxe4 19. fxg5 Rg4 20. Rhg1 Rxg5 21. Be4 Re5 22. Bf3 Rae8 23. Rd7 R5e7 24. Rxe7 Rxe7 25. Rd1 Kf8 26. Rd8+ Re8 27. Rd7 Rc8 28. Kd2 Ke8 29. Rd3 Rd8 30. Rxd8+ Kxd8 31. Kd3 Kd7 32. c4 Ba6 33. Kc3 c5 34. b4 cxb4+ 35. axb4 c5 36. b5 Bc8 37. Bd5 f6 38. Kd3 Kd6 39. Ke4 g5 40. Bg8 h6 41. Bh7 Be6 42. Kd3 Ke5 43. Be4 Bxc4+ 44. Kxc4 Kxe4 45. g4 Kf4 46. Kd5 Kxg4 47. Kc6 c4 48. Kxb6 c3 49. Ka7 c2 50. b6 c1Q 51. b7 Qa3+ 52. Kb8 Qb4 53. Kc7 Qxb7+ 54. Kxb7 f5 55. Kc6 f4 56. Kd5 f3 57. h3+ Kxh3 58. Ke5 f2 59. Kf6 f1Q+ 60. Kg6 g4 61. Kxh6 g3 62. Kh5 g2 63. Kh6 g1Q 64. Kh5 Qf5+ 65. Kh6 Qgg6# 0-1

[Event "Mittelfrank Regionalliga Nord-Ost 2223"]
[Site "Mittelfranken"]
[Date "2022.12.11"]
[Round "4.8"]
[White "Ratushnyi, Viktor"]
[Black "Gewondow, Narek"]
[Result "0-1"]
[WhiteElo "1905"]
[BlackElo "1853"]
[PlyCount "144"]
[EventDate "2022.10.09"]
[EventType "team-tourn"]
[EventRounds "9"]
[EventCountry "GER"]
[SourceTitle "EXT 2024"]
[Source "ChessBase"]
[SourceDate "2023.10.10"]
[SourceVersion "1"]
[SourceVersionDate "2023.10.10"]
[SourceQuality "1"]
[WhiteTeam "Nuernberg Sued SW II"]
[BlackTeam "Fuerth SG"]
[WhiteTeamCountry "GER"]
[BlackTeamCountry "GER"]

1. e4 c6 2. d4 d5 3. exd5 cxd5 4. c4 Nf6 5. Nc3 Be6 6. Bg5 dxc4 7. Bxf6 exf6 8. d5 Bd7 9. Bxc4 Bc5 10. Nge2 0-0 11. 0-0 Bg4 12. h3 Bh5 13. Qb3 Nd7 14. Kh1 Bxe2 15. Bxe2 Rb8 16. Rac1 Re8 17. Bb5 a6 18. Bxd7 Qxd7 19. f3 Be3 20. Rcd1 f5 21. Ne4 fxe4 22. Qxe3 exf3 23. Qxf3 Rbd8 24. Rfe1 Rxe1+ 25. Rxe1 Re8 26. Rxe8+ Qxe8 27. Qg3 Qd8 28. Qe5 Kf8 29. b4 Qe7 30. Qb8+ Qe8 31. Qf4 f6 32. Qd2 Kf7 33. a3 Qd7 34. Qd1 g6 35. a4 Qd6 36. b5 a5 37. Qd2 b6 38. Qd4 Ke7 39. Qe3+ Kf8 40. Qc3 Ke8 41. Qc6+ Ke7 42. Qb7+ Kf8 43. Qxh7 Qxd5 44. Qxg6 Qd1+ 45. Kh2 Qxa4 46. Qxf6+ Ke8 47. Qe6+ Kf8 48. Qf5+ Ke7 49. Qg5+ Ke6 50. Qe3+ Kd5 51. Qg5+ Ke6 52. h4 Qd4 53. Qg6+ Qf6 54. Qe8+ Qe7 55. Qh5 Qf6 56. Qg4+ Qf5 57. Qc4+ Qd5 58. Qc8+ Qd7 59. Qa8 Qc7+ 60. Kh3 Qd7 61. Qe4+ Kf6+ 62. g4 Qxb5 63. g5+ Kg7 64. Qe7+ Kg8 65. Qd8+ Kh7 66. Qe7+ Kg8 67. Qd8+ Kh7 68. Qd4 Qb3+ 69. Kg4 Qb4 70. Qxb4 axb4 71. Kf5 b3 72. Kf6 b2 0-1